Catálogo

LA NEGOCIACION (Registro nro. 17049)

Detalles MARC
000 -LEADER
fixed length control field 00451nam a2200181 a 4500
001 - CONTROL NUMBER
control field 17049
005 - DATE AND TIME OF LATEST TRANSACTION
control field 20180713210134.0
008 - FIXED-LENGTH DATA ELEMENTS--GENERAL INFORMATION
fixed length control field 140415s1992 ag 000 0 spa d
020 ## - INTERNATIONAL STANDARD BOOK NUMBER
International Standard Book Number 9505371683
041 ## - LANGUAGE CODE
Language code of text/sound track or separate title spa
082 ## - DEWEY DECIMAL CLASSIFICATION NUMBER
Classification number 658.3154
Item number ALD
100 1# - MAIN ENTRY--PERSONAL NAME
Personal name ALDAO ZAPIOLA, CARLOS M.
245 13 - TITLE STATEMENT
Title LA NEGOCIACION
250 ## - EDITION STATEMENT
Edition statement 2a ed.
260 ## - PUBLICATION, DISTRIBUTION, ETC.
Place of publication, distribution, etc. ARGENTINA :
Name of publisher, distributor, etc. MACCHI,
Date of publication, distribution, etc. 1992
300 ## - PHYSICAL DESCRIPTION
Extent 519
650 14 - SUBJECT ADDED ENTRY--TOPICAL TERM
Topical term or geographic name entry element RELACIONES INDUSTRIALES
Existencias
Withdrawn status Lost status Source of classification or shelving scheme Damaged status Not for loan Collection code Home library Current library Shelving location Date acquired Source of acquisition Inventory number Total Checkouts Full call number Barcode Date last seen Date last checked out Price effective from Koha item type
    Dewey Decimal Classification     General Biblioteca Karol Wojtyla Biblioteca Karol Wojtyla Sala general 03/12/2013 Compra 151000000000000000014916 1 658.3154 ALD 35153 05/01/2026 26/04/2019 03/12/2013 Libro